| 000 | 00742nam a2200205 i 4500 | ||
|---|---|---|---|
| 001 | 24994 | ||
| 003 | ES-MaACL | ||
| 005 | 20230906153157.0 | ||
| 007 | t| | ||
| 008 | 021219s1961 sp ||||1| spa d | ||
| 100 | 1 |
_aApraiz Barreiro, José. _922126 |
|
| 245 | 1 | 0 |
_aTratamientos térmicos de los aceros / _cpor José Apraiz Barreiro. |
| 250 | _a4ª ed. | ||
| 260 |
_aMadrid : _b[s.n., _c1961] ( _eBilbao : _fGrijelmo) |
||
| 300 |
_aXVI, 642 p. : _bil. ; _c22 cm. |
||
| 500 | _aPrecede a tít.: Patronato de Publicaciones de la Escuela Especial de Ingenieros Industriales. | ||
| 650 | 4 |
_aAcero- _xTratamiento térmico. _9146063 |
|
| 710 | 2 |
_aEscuela Central de Ingenieros Industriales (Madrid) _93568 |
|
| 852 |
_aES-MaACL _jC-20626 _bR.48769 |
||
| 999 |
_c24994 _d24994 |
||